Testigos de la Fé en América Latina: desde el descubrimiento hasta nuestros días
I tiakina i:
| Kaituhi matua: | |
|---|---|
| Hōputu: | Pukapuka |
| Reo: | Pāniora |
| I whakaputaina: |
Pamplona
Verbo Divino
1982
|
| Ngā marau: | |
| Ngā Tūtohu: |
Tāpirihia he Tūtohu
Kāore He Tūtohu, Me noho koe te mea tuatahi ki te tūtohu i tēnei pūkete!
|
MARC
| LEADER | 00000nam a2200000 a 4500 | ||
|---|---|---|---|
| 001 | UCW8486 | ||
| 003 | CL-VaPUC | ||
| 008 | 880913e19820000SP |||||||||||||||||spa|d | ||
| 082 | 0 | 4 | |a 248.5 |b STE |2 21 |
| 100 | 0 | |a Stehle, Emil L |e author |9 313663 | |
| 245 | 1 | 0 | |a Testigos de la Fé en América Latina: desde el descubrimiento hasta nuestros días |
| 300 | |a 162 p | ||
| 942 | |c BK | ||
| 945 | |d 19880913 00:00:00 | ||
| 260 | |a Pamplona |b Verbo Divino |c 1982 | ||
| 650 | 7 | |a CRISTIANISMO BIOGRAFIAS |2 CL-VaPUC |9 313664 | |
| 583 | |a last modification |c 20120606 11:33:37 |k Rodrigo Vera | ||
| 999 | |c 220839 |d 220837 | ||
| 952 | |0 0 |1 0 |4 0 |6 248_500000000000000_STE_1982 |7 0 |8 A |9 213558 |a BIBTEO |b BIBTEO |d 2019-11-15 |i 2819139 |o 248.5 STE 1982 |p 2819139 |r 2025-01-17 |w 2019-11-15 |y BK |k ICR | ||